000 00646nam a22001337a 4500
040 _cRUA
082 _aAGR OEU 2012 B052 Or.1
100 _aOEURN SAMOUL
245 _aPythhium management by using garli in greenhouse condition on tomata,(ការគ្រប់គ្រងជំងឹភីស្យូម លើដំណាំប៉េងប៉ោះដោយប្រើខ្ទឹមស ក្រោមលក្ខខណ្ឌផ្ទះកញ្ចក់)
260 _aphnom penh
_bRUA
_c2012
300 _axi, 54p.
_cill.
856 _uhttps://drive.google.com/file/d/1pvY8eGopfa6vt9CZrLJXYL6nAoeTp6S7/view?usp=sharing
942 _cAGR
999 _c1252
_d1252